000 00431 a2200157 4500
003 OSt
005 20240801145125.0
008 231018b |||||||| |||| 00| 0 eng d
040 _coclc
082 _a920
_bNIL/R
100 _aNilambur, Mohamed
_99747
245 _aRabindranath Tagore /
_cDr.Mohamed Nilambur
260 _aCalicut:
_bArabnet,
300 _a223p
942 _2ddc
_cBK
_h920
_iNIL/R
_k920
_mNIL/R
999 _c42700
_d42700